| 000 | 00322nam a22001217a 4500 | ||
|---|---|---|---|
| 999 |
_c14196 _d14196 |
||
| 020 | _a8121901626 | ||
| 082 |
_a532 _bKHU/HY |
||
| 100 |
_aKhurmi, R S _aKhurmi, N _92080 |
||
| 245 | _aHydraulics, Fluid Mechanics and Hydraulic Machines | ||
| 260 |
_aNew Delhi _bS. Chand & Company Pvt. Ltd _c2014 |
||
| 300 | _a701 | ||
| 942 | _cBK | ||